[Event "IECG CP.2005.P.00114"]
[Site "IECG email"]
[Date "2005.10.01"]
[Round "?"]
[White "Frijling, Jeroen"]
[Black "Pinasco, Damian"]
[Result "1/2-1/2"]
[WhiteElo "2197"]
[BlackElo "2088"]
[PlyCount "69"]
[EventDate "2005.10.01"]
[EventType "tourn (corr)"]
[EventRounds "6"]
[SourceTitle "Corr 2008"]
[Source "ChessBase"]
[SourceDate "2008.06.24"]
[SourceVersion "1"]
[SourceVersionDate "2008.06.24"]
[SourceQuality "1"]

1. e4 e5 2. Nf3 Nf6 3. Nxe5 d6 4. Nf3 Nxe4 5. d4 d5 6. Bd3 Be7 7. 0-0 Nc6 8. Nc3 Bf5 9. Qe1 0-0 10. Nxe4 dxe4 11. Bxe4 Bb4 12. c3 Re8 13. Bxf5 Rxe1 14. Rxe1 Bd6 15. Ng5 h6 16. Ne4 Bf8 17. Bg4 Ne7 18. Nc5 b6 19. Nd3 c5 20. Be3 cxd4 21. cxd4 Ng6 22. Rac1 Bd6 23. Rc4 Qf6 24. d5 Re8 25. Re2 Rd8 26. f4 b5 27. Re4 Bc7 28. Bxa7 Qa6 29. Bd4 Qxa2 30. f5 Qb1+ 31. Re1 Qxd3 32. fxg6 fxg6 33. R1e3 Qb1+ 34. Re1 Qd3 35. R1e3 1/2-1/2

[Event "IECG QA.2005.0.00063"]
[Site "IECG email"]
[Date "2005.03.19"]
[Round "2"]
[White "Pinasco, Damian"]
[Black "Gonzaga Grego, Luis Jose"]
[Result "1-0"]
[WhiteElo "2138"]
[BlackElo "2030"]
[PlyCount "55"]
[EventDate "2005.03.19"]
[EventType "tourn (corr)"]
[EventRounds "6"]
[SourceTitle "Corr 2008"]
[Source "ChessBase"]
[SourceDate "2008.06.24"]
[SourceVersion "1"]
[SourceVersionDate "2008.06.24"]
[SourceQuality "1"]

1. e4 c5 2. b4 cxb4 3. a3 d5 4. e5 Nc6 5. d4 Qb6 6. Nf3 Bg4 7. Be3 e6 8. axb4 Bxb4+ 9. c3 Be7 10. Bd3 Nh6 11. 0-0 Nf5 12. Nbd2 0-0 13. h3 Nxe5 14. hxg4 Nxe3 15. fxe3 Nxd3 16. Qe2 Nc5 17. Rfb1 Qc7 18. dxc5 Bxc5 19. c4 dxc4 20. Nxc4 Rfd8 21. Na5 b6 22. Nb3 Be7 23. Nbd4 a5 24. Rc1 Qb7 25. Nc6 Rd5 26. Nxe7+ Qxe7 27. Rab1 Rc5 28. Qb2 1-0

[Event "IECG QA.2005.0.00063"]
[Site "IECG email"]
[Date "2005.03.19"]
[Round "?"]
[White "Zielinski, Sergej"]
[Black "Pinasco, Damian"]
[Result "0-1"]
[WhiteElo "2198"]
[BlackElo "2082"]
[PlyCount "76"]
[EventDate "2005.03.19"]
[EventType "tourn (corr)"]
[EventRounds "6"]
[SourceTitle "Corr 2008"]
[Source "ChessBase"]
[SourceDate "2008.06.24"]
[SourceVersion "1"]
[SourceVersionDate "2008.06.24"]
[SourceQuality "1"]

1. e4 e5 2. Nf3 Nf6 3. Nxe5 d6 4. Nf3 Nxe4 5. d4 d5 6. Bd3 Be7 7. 0-0 Nc6 8. c4 Nb4 9. Be2 0-0 10. Nc3 Be6 11. Be3 f5 12. a3 Nxc3 13. bxc3 Nc6 14. Qa4 f4 15. Bd2 Kh8 16. Rab1 Rb8 17. Rfe1 dxc4 18. Bxc4 Bg4 19. Bb5 Bxf3 20. gxf3 Rf6 21. Bd3 Qd7 22. Be4 Qh3 23. Rb5 h6 24. Reb1 Rg8 25. Rxb7 g5 26. Qd1 g4 27. Kh1 g3 28. fxg3 fxg3 29. Qe2 g2+ 30. Kg1 Bd6 31. f4 Bxf4 32. Bxf4 Rxf4 33. Bxg2 Rh4 34. R7b2 Qxh2+ 35. Kf1 Qg3 36. Qe1 Rf8+ 37. Rf2 Rxf2+ 38. Qxf2 Qd3+ 0-1

[Event "IECG CP.2002.Q.00004 email"]
[Site "IECG email"]
[Date "2003.10.01"]
[Round "?"]
[White "Kharitonov, Aleksandr Alekseevi"]
[Black "Pinasco, Damian"]
[Result "1-0"]
[WhiteElo "2139"]
[BlackElo "2088"]
[PlyCount "69"]
[EventDate "2003.10.01"]
[EventType "tourn (corr)"]
[EventRounds "10"]
[SourceTitle "Corr 2008"]
[Source "ChessBase"]
[SourceDate "2008.06.24"]
[SourceVersion "1"]
[SourceVersionDate "2008.06.24"]
[SourceQuality "1"]

1. e4 e5 2. d4 Nc6 3. d5 Nce7 4. Nf3 Ng6 5. h4 h5 6. Be2 Nf6 7. Bg5 Bb4+ 8. Nbd2 d6 9. c3 Bc5 10. 0-0 Nf4 11. Bxf4 exf4 12. Ng5 Qe7 13. b4 Bb6 14. a4 a6 15. Nc4 Nh7 16. Nxh7 Rxh7 17. Nxb6 cxb6 18. Qd4 Kf8 19. Rfe1 Rh6 20. Bf1 Qxh4 21. e5 Qg5 22. Qxb6 Qe7 23. Rad1 f3 24. g3 Bf5 25. exd6 Qd8 26. Qxb7 Rxd6 27. Re7 Bd7 28. Rde1 Kg8 29. Bd3 Rc8 30. c4 g6 31. Qa7 Rc7 32. Qd4 Bxa4 33. Rxc7 Qxc7 34. c5 Rd8 35. Bxa6 1-0

[Event "IECG CP.2002.Q.00004 email"]
[Site "IECG email"]
[Date "2003.10.01"]
[Round "?"]
[White "Meulemans, Bart"]
[Black "Pinasco, Damian"]
[Result "1-0"]
[WhiteElo "2155"]
[BlackElo "2088"]
[PlyCount "113"]
[EventDate "2003.10.01"]
[EventType "tourn (corr)"]
[EventRounds "10"]
[SourceTitle "Corr 2008"]
[Source "ChessBase"]
[SourceDate "2008.06.24"]
[SourceVersion "1"]
[SourceVersionDate "2008.06.24"]
[SourceQuality "1"]

1. e4 e5 2. Nf3 Nf6 3. Nxe5 d6 4. Nf3 Nxe4 5. d4 d5 6. Bd3 Be7 7. 0-0 Nc6 8. Re1 Bg4 9. c4 Nf6 10. cxd5 Bxf3 11. Qxf3 Qxd5 12. Qxd5 Nxd5 13. Nc3 Ndb4 14. Be4 Nxd4 15. Be3 c5 16. Bxd4 cxd4 17. Nb5 Rd8 18. a3 Nc6 19. Rad1 Rd7 20. Bxc6 bxc6 21. Nxd4 c5 22. Nc6 Rxd1 23. Rxd1 Bf6 24. b3 0-0 25. a4 Re8 26. Kf1 a6 27. Rc1 Rc8 28. Rxc5 Kf8 29. Ke2 Ke8 30. f4 Bd4 31. Rc4 Bg1 32. h3 g6 33. g4 h5 34. Kf3 hxg4+ 35. hxg4 f6 36. Ke4 Kd7 37. Kd5 Re8 38. g5 fxg5 39. Ne5+ Ke7 40. fxg5 Rd8+ 41. Ke4 Rd6 42. Rc6 Rd4+ 43. Kf3 Rd5 44. Nxg6+ Kd7 45. Rxa6 Rxg5 46. b4 Bh2 47. b5 Bd6 48. Ra7+ Kd8 49. Nh8 Rg3+ 50. Ke4 Bb8 51. Ra6 Kc8 52. Nf7 Rg7 53. Rc6+ Kd7 54. Ne5+ Bxe5 55. Kxe5 Rg4 56. Ra6 Kc7 57. Kd5 1-0

[Event "IECG WC.2005.S.00010 email"]
[Site "IECG email"]
[Date "2003.05.19"]
[Round "?"]
[White "Pinasco, Damian"]
[Black "Copie, Jose Antonio"]
[Result "1/2-1/2"]
[WhiteElo "2117"]
[BlackElo "2432"]
[PlyCount "84"]
[EventDate "2003.05.19"]
[EventType "tourn (corr)"]
[EventRounds "10"]
[SourceTitle "Corr 2008"]
[Source "ChessBase"]
[SourceDate "2008.06.24"]
[SourceVersion "1"]
[SourceVersionDate "2008.06.24"]
[SourceQuality "1"]

1. e4 g6 2. d4 Bg7 3. Nc3 d6 4. f4 Nf6 5. Nf3 0-0 6. Bd3 Na6 7. 0-0 c5 8. d5 Bg4 9. Bc4 Nc7 10. h3 Bxf3 11. Qxf3 e6 12. dxe6 fxe6 13. Be3 b6 14. Rad1 Qe7 15. Rfe1 Nd7 16. Qe2 Rad8 17. g3 Kh8 18. Qg4 a6 19. a4 Rb8 20. Bf1 b5 21. axb5 axb5 22. h4 b4 23. Na4 Ra8 24. b3 e5 25. f5 gxf5 26. exf5 Rg8 27. Qh3 d5 28. g4 e4 29. g5 d4 30. Bf4 Nd5 31. Bg3 Ne3 32. Rxe3 dxe3 33. Bd6 Qf7 34. Qxe3 Rae8 35. Nxc5 Nxc5 36. Bxc5 Qxf5 37. Bh3 Qf7 38. Bg4 Rd8 39. Qxe4 Qc7 40. Bf2 Bc3 41. Rxd8 Rxd8 42. Kg2 Qg7 1/2-1/2

[Event "IECG WC.2006.P.00011 email"]
[Site "IECG email"]
[Date "2003.01.22"]
[Round "?"]
[White "Pinasco, Damian"]
[Black "Cacheiro Martinez, Martin"]
[Result "1-0"]
[WhiteElo "2044"]
[BlackElo "1471"]
[PlyCount "44"]
[EventDate "2003.01.22"]
[EventType "tourn (corr)"]
[EventRounds "10"]
[SourceTitle "Corr 2008"]
[Source "ChessBase"]
[SourceDate "2008.06.24"]
[SourceVersion "1"]
[SourceVersionDate "2008.06.24"]
[SourceQuality "1"]

1. e4 c6 2. d4 d5 3. exd5 cxd5 4. c4 Nf6 5. Nc3 Nc6 6. Bg5 Be6 7. a3 Qd7 8. b4 h6 9. Bxf6 gxf6 10. Nf3 Rg8 11. c5 Bg4 12. Be2 e5 13. dxe5 0-0-0 14. Qa4 d4 15. 0-0-0 fxe5 16. b5 Bxc5 17. bxc6 Qe7 18. Nb1 Rg6 19. cxb7+ Qxb7 20. Rd2 Rb6 21. Rc2 Kb8 22. Rxc5 Rxb1+ 1-0

[Event "IECG WC.2006.P.00011 email"]
[Site "IECG email"]
[Date "2003.01.22"]
[Round "?"]
[White "Pinasco, Damian"]
[Black "Schalkwijk, Peter H"]
[Result "1/2-1/2"]
[WhiteElo "2044"]
[BlackElo "1743"]
[PlyCount "28"]
[EventDate "2003.01.22"]
[EventType "tourn (corr)"]
[EventRounds "10"]
[SourceTitle "Corr 2008"]
[Source "ChessBase"]
[SourceDate "2008.06.24"]
[SourceVersion "1"]
[SourceVersionDate "2008.06.24"]
[SourceQuality "1"]

1. e4 c5 2. Nf3 Nf6 3. e5 Nd5 4. Nc3 e6 5. Nxd5 exd5 6. d4 Nc6 7. dxc5 Bxc5 8. Bd3 d6 9. exd6 0-0 10. 0-0 Qxd6 11. c3 Re8 12. Bc2 Ne5 13. Bf4 Bg4 14. Bg3 Bxf3 1/2-1/2

[Event "IECG WC.2002.F.00007 email"]
[Site "IECG email"]
[Date "2002.12.15"]
[Round "?"]
[White "Kaufmann, Michael"]
[Black "Pinasco, Damian"]
[Result "1/2-1/2"]
[WhiteElo "2045"]
[BlackElo "2042"]
[PlyCount "55"]
[EventDate "2002.12.15"]
[EventType "tourn (corr)"]
[EventRounds "10"]
[SourceTitle "Corr 2008"]
[Source "ChessBase"]
[SourceDate "2008.06.24"]
[SourceVersion "1"]
[SourceVersionDate "2008.06.24"]
[SourceQuality "1"]

1. d4 e6 2. c4 f5 3. Nf3 Nf6 4. g3 Be7 5. Bg2 0-0 6. 0-0 d6 7. Nc3 Qe8 8. b3 Qh5 9. Ba3 g5 10. d5 g4 11. Ne1 e5 12. Nd3 a6 13. Rc1 Nbd7 14. Qd2 Qg6 15. f3 h5 16. e4 fxe4 17. fxe4 Rf7 18. Rf2 Nf8 19. Rcf1 N8h7 20. Bc1 Bf8 21. c5 Bd7 22. a4 Re8 23. b4 Be7 24. Qh6 Qxh6 25. Bxh6 Ra8 26. a5 Rd8 27. Rb1 Bf8 28. Bxf8 1/2-1/2

[Event "IECG WC.2002.F.00007 email"]
[Site "IECG email"]
[Date "2002.12.15"]
[Round "?"]
[White "Pinasco, Damian"]
[Black "Rusak, Alexandr Victorovic"]
[Result "1-0"]
[WhiteElo "2042"]
[BlackElo "2046"]
[PlyCount "79"]
[EventDate "2002.12.15"]
[EventType "tourn (corr)"]
[EventRounds "10"]
[SourceTitle "Corr 2008"]
[Source "ChessBase"]
[SourceDate "2008.06.24"]
[SourceVersion "1"]
[SourceVersionDate "2008.06.24"]
[SourceQuality "1"]

1. e4 e5 2. Nf3 Nc6 3. d4 exd4 4. Nxd4 Bc5 5. Nb3 Bb6 6. a4 a6 7. Nc3 Nf6 8. Bg5 d6 9. Qe2 h6 10. Bh4 g5 11. Bg3 Be6 12. Nd5 Bxd5 13. exd5+ Ne7 14. c4 Qd7 15. Qf3 Neg8 16. a5 Qe7+ 17. Be2 Ba7 18. 0-0-0 0-0-0 19. Rhe1 Qf8 20. Qc3 Kb8 21. Bd3 h5 22. h4 g4 23. Kb1 Qh6 24. Re2 Nd7 25. Bf5 Ngf6 26. c5 Bxc5 27. Nxc5 Nxc5 28. Re7 Rhe8 29. Rxc7 Nfe4 30. Bxe4 Nxe4 31. Rxb7+ Kxb7 32. Qc6+ Ka7 33. Qb6+ Ka8 34. Qxa6+ Kb8 35. Rd4 Nc3+ 36. Kc2 Na2 37. Rc4 Re7 38. Qb6+ Rb7 39. Qxd8+ Ka7 40. Bf4 1-0

[Event "IECG CP.2002.P.00039 email"]
[Site "IECG email"]
[Date "2002.10.01"]
[Round "?"]
[White "Glynn, David"]
[Black "Pinasco, Damian"]
[Result "0-1"]
[WhiteElo "1120"]
[BlackElo "2035"]
[PlyCount "74"]
[EventDate "2002.10.01"]
[EventType "tourn (corr)"]
[EventRounds "6"]
[EventCountry "GER"]
[SourceTitle "Corr 2008"]
[Source "ChessBase"]
[SourceDate "2008.06.24"]
[SourceVersion "1"]
[SourceVersionDate "2008.06.24"]
[SourceQuality "1"]

1. e4 c5 2. c3 e6 3. d4 d5 4. exd5 exd5 5. Be3 cxd4 6. cxd4 Nf6 7. Nf3 Qb6 8. Qe2 Bg4 9. Qb5+ Nc6 10. Qxb6 axb6 11. Ne5 Bb4+ 12. Nd2 0-0 13. h3 Bf5 14. Kd1 Bxd2 15. Kxd2 Ne4+ 16. Ke2 Nxe5 17. dxe5 Rfc8 18. Kf3 Rc2 19. Rd1 Rxb2 20. Rxd5 Nc5 21. Rd6 Rb1 22. Kf4 g6 23. Kf3 Ra3 24. Rd8+ Kg7 25. Kg3 Bd3 26. Bxd3 Rxh1 27. Bc4 Rc1 28. Rd4 Rcc3 29. Rf4 Ne6 30. Bxe6 fxe6 31. Rb4 Rc6 32. Rb2 g5 33. Kg4 Kg6 34. Bxg5 h6 35. Be3 Rac3 36. Kf3 Rc2 37. Rb4 Rxa2 0-1

[Event "IECG QA.2002.0.00019"]
[Site "IECG email"]
[Date "2002.05.18"]
[Round "2"]
[White "Cisnero, Juan Jose"]
[Black "Pinasco, Damian"]
[Result "0-1"]
[WhiteElo "2043"]
[BlackElo "2051"]
[PlyCount "52"]
[EventDate "2002.05.18"]
[EventType "tourn (corr)"]
[EventRounds "6"]
[SourceTitle "Corr 2024"]
[Source "ChessBase"]
[SourceDate "2023.10.19"]
[SourceVersion "1"]
[SourceVersionDate "2023.10.19"]
[SourceQuality "1"]

1. c4 Nf6 2. Nc3 g6 3. Nf3 Bg7 4. g3 d6 5. Bg2 0-0 6. 0-0 e5 7. d4 Nbd7 8. b3 Re8 9. Qc2 c6 10. Bb2 e4 11. Ng5 e3 12. fxe3 Bh6 13. Nce4 d5 14. cxd5 cxd5 15. Nxf7 Bxe3+ 16. Kh1 Kxf7 17. Nd6+ Kg7 18. Nxe8+ Qxe8 19. Qc7 Ne4 20. Ba3 Nf2+ 21. Rxf2 Bxf2 22. Rf1 Bxd4 23. Bf8+ Kh8 24. Bh6 Be5 25. Qc1 Nf6 26. Bxd5 Bh3 0-1

[Event "IECG QA.2002.0.00019"]
[Site "IECG email"]
[Date "2002.05.18"]
[Round "2"]
[White "Fahrbach, Manfred"]
[Black "Pinasco, Damian"]
[Result "0-1"]
[WhiteElo "2122"]
[BlackElo "2051"]
[PlyCount "24"]
[EventDate "2002.05.18"]
[EventType "tourn (corr)"]
[EventRounds "6"]
[SourceTitle "Corr 2024"]
[Source "ChessBase"]
[SourceDate "2023.10.19"]
[SourceVersion "1"]
[SourceVersionDate "2023.10.19"]
[SourceQuality "1"]

1. d4 e6 2. c4 f5 3. g3 Nf6 4. Bg2 Be7 5. Nf3 0-0 6. 0-0 d6 7. Nc3 Qe8 8. b3 a5 9. Bb2 Na6 10. e3 c6 11. Rc1 Bd7 12. Na4 b5 0-1

[Event "IECG QA.2002.0.00019"]
[Site "IECG email"]
[Date "2002.05.18"]
[Round "2"]
[White "Pinasco, Damian"]
[Black "Wurschner, Miroslav"]
[Result "0-1"]
[WhiteElo "2051"]
[BlackElo "2168"]
[PlyCount "86"]
[EventDate "2002.05.18"]
[EventType "tourn (corr)"]
[EventRounds "6"]
[SourceTitle "Corr 2024"]
[Source "ChessBase"]
[SourceDate "2023.10.19"]
[SourceVersion "1"]
[SourceVersionDate "2023.10.19"]
[SourceQuality "1"]

1. e4 c5 2. Nf3 d6 3. b4 cxb4 4. a3 Nf6 5. d3 bxa3 6. Be2 Nc6 7. 0-0 g6 8. Nxa3 Bg7 9. c3 0-0 10. Qb3 a6 11. h3 b5 12. Be3 d5 13. e5 Nd7 14. d4 Nb6 15. Ra2 Bb7 16. Ng5 Qc7 17. Rfa1 e6 18. Bf4 Na5 19. Nxb5 Qxe5 20. Bxe5 Nxb3 21. Bxg7 Kxg7 22. Rb1 axb5 23. Rxa8 Rxa8 24. Rxb3 h6 25. Nf3 Ra1+ 26. Kh2 Ba6 27. Bxb5 Bxb5 28. Rxb5 Nc4 29. Rb3 Rf1 30. Kg3 Nd6 31. Nd2 Rd1 32. Nf3 Ne4+ 33. Kf4 Rd3 34. h4 Nxf2 35. Ne1 Rd2 36. Nf3 Rc2 37. Ne5 g5+ 38. hxg5 hxg5+ 39. Kf3 f6 40. Rb7+ Kh6 41. Nd7 Ne4 42. Nf8 Rf2+ 43. Ke3 Kh5 0-1

[Event "IECG QM.2002.0.00046"]
[Site "IECG email"]
[Date "2002.03.31"]
[Round "?"]
[White "Bendig, Frank"]
[Black "Pinasco, Damian"]
[Result "1/2-1/2"]
[WhiteElo "2237"]
[BlackElo "2066"]
[PlyCount "38"]
[EventDate "2002.03.31"]
[EventType "tourn (corr)"]
[EventRounds "6"]
[SourceTitle "Corr 2008"]
[Source "ChessBase"]
[SourceDate "2008.06.24"]
[SourceVersion "1"]
[SourceVersionDate "2008.06.24"]
[SourceQuality "1"]

1. Nf3 f5 2. e4 fxe4 3. Ng5 e5 4. d3 e3 5. Bxe3 Nf6 6. d4 exd4 7. Bxd4 Nc6 8. Nc3 Bb4 9. Qe2+ Qe7 10. Bxf6 gxf6 11. Nge4 Kd8 12. 0-0-0 f5 13. Nd2 Bxc3 14. bxc3 Qa3+ 15. Kb1 Qxc3 16. Qh5 Qb4+ 17. Kc1 Qa3+ 18. Kb1 Qb4+ 19. Kc1 Qa3+ 1/2-1/2

[Event "IECG CP.2000.Q.00009"]
[Site "IECG email"]
[Date "2001.10.01"]
[Round "?"]
[White "Grabowski, Tomasz"]
[Black "Pinasco, Damian"]
[Result "1/2-1/2"]
[WhiteElo "1832"]
[BlackElo "2035"]
[PlyCount "54"]
[EventDate "2001.10.01"]
[EventType "tourn (corr)"]
[EventRounds "6"]
[SourceTitle "Corr 2008"]
[Source "ChessBase"]
[SourceDate "2008.06.24"]
[SourceVersion "1"]
[SourceVersionDate "2008.06.24"]
[SourceQuality "1"]

1. e4 e5 2. Nc3 Nf6 3. f4 d5 4. fxe5 Nxe4 5. Nf3 Be7 6. Qe2 Nxc3 7. dxc3 c5 8. Bf4 Nc6 9. 0-0-0 Be6 10. Kb1 Qa5 11. Qb5 Qc7 12. h4 h6 13. g3 0-0-0 14. Bh3 Rhf8 15. Qf1 Na5 16. h5 Qb6 17. Nd2 Kb8 18. Qg2 c4 19. Ka1 Bc5 20. Qe2 Ka8 21. Bxe6 fxe6 22. Qg4 Rf7 23. Nf3 Re8 24. Nd4 Bxd4 25. cxd4 Qc7 26. Bd2 Nc6 27. c3 Nd8 1/2-1/2

[Event "IECG CP.2000.Q.00009"]
[Site "IECG email"]
[Date "2001.10.01"]
[Round "?"]
[White "Nava Baro, Enrique"]
[Black "Pinasco, Damian"]
[Result "1/2-1/2"]
[WhiteElo "2097"]
[BlackElo "2035"]
[PlyCount "84"]
[EventDate "2001.10.01"]
[EventType "tourn (corr)"]
[EventRounds "6"]
[SourceTitle "Corr 2008"]
[Source "ChessBase"]
[SourceDate "2008.06.24"]
[SourceVersion "1"]
[SourceVersionDate "2008.06.24"]
[SourceQuality "1"]

1. d4 Nf6 2. c4 g6 3. Nc3 Bg7 4. e4 d6 5. Nf3 0-0 6. Be2 e5 7. 0-0 Nc6 8. d5 Ne7 9. b4 a5 10. Ba3 axb4 11. Bxb4 Nd7 12. a4 Bh6 13. a5 f5 14. Bd3 fxe4 15. Nxe4 Nf6 16. c5 Nxe4 17. Bxe4 Rf4 18. Re1 Bf5 19. Bxf5 Nxf5 20. Bc3 Rc4 21. Qd3 Rxc3 22. Qxc3 e4 23. Nd2 Bg7 24. Qb3 Bxa1 25. Rxa1 Qf6 26. Ra4 Nd4 27. Qxb7 Re8 28. Qa6 e3 29. fxe3 Rxe3 30. Qf1 Qh4 31. g3 Qe7 32. cxd6 cxd6 33. Rxd4 Re1 34. Ne4 Rxf1+ 35. Kxf1 Qe5 36. Rc4 Qb2 37. Nc3 Qa1+ 38. Ke2 Qxa5 39. h4 h5 40. Rc6 Kf7 41. Kf3 Qa3 42. Kf2 Qb4 1/2-1/2

[Event "IECG LM.2001.0.00007 email"]
[Site "IECG email"]
[Date "2001.05.20"]
[Round "?"]
[White "Pinasco, Damian"]
[Black "Lanin, Boris Aleksandrovic"]
[Result "0-1"]
[WhiteElo "2036"]
[BlackElo "2031"]
[PlyCount "60"]
[EventDate "2001.05.20"]
[EventType "tourn (corr)"]
[EventRounds "14"]
[SourceTitle "Corr 2008"]
[Source "ChessBase"]
[SourceDate "2008.06.24"]
[SourceVersion "1"]
[SourceVersionDate "2008.06.24"]
[SourceQuality "1"]

1. e4 e5 2. Nf3 Nc6 3. Bb5 a6 4. Ba4 d6 5. c3 f5 6. exf5 Bxf5 7. 0-0 Bd3 8. Bc2 Bxf1 9. Qxf1 Nf6 10. b4 Be7 11. b5 axb5 12. Qxb5 Qc8 13. d4 e4 14. Ng5 d5 15. c4 0-0 16. cxd5 Qf5 17. Qb2 Nb4 18. Nc3 Nxc2 19. Qxc2 Bb4 20. Nd1 Qxd5 21. Bf4 c5 22. Ne3 Qxd4 23. Rd1 Qc3 24. Qb1 Rfe8 25. Rc1 Qa3 26. Nc2 Qxa2 27. Nxb4 Qxb1 28. Rxb1 cxb4 29. h4 h6 30. Nh3 Nd5 0-1

[Event "IECG WC.2004.P.00005 email"]
[Site "IECG email"]
[Date "2001.01.22"]
[Round "?"]
[White "Hameister, Raik"]
[Black "Pinasco, Damian"]
[Result "1-0"]
[WhiteElo "2058"]
[BlackElo "2030"]
[PlyCount "125"]
[EventDate "2001.01.22"]
[EventType "tourn (corr)"]
[EventRounds "8"]
[SourceTitle "Corr 2024"]
[Source "ChessBase"]
[SourceDate "2023.10.19"]
[SourceVersion "1"]
[SourceVersionDate "2023.10.19"]
[SourceQuality "1"]

1. e4 e5 2. Nf3 Nc6 3. c3 d5 4. Qa4 Bd7 5. exd5 Nd4 6. Qd1 Nxf3+ 7. Qxf3 Nf6 8. Bc4 e4 9. Qe2 Bd6 10. d4 0-0 11. h3 Re8 12. Be3 b5 13. Bb3 a5 14. a3 h6 15. c4 a4 16. Ba2 bxc4 17. Nc3 Rb8 18. Bxc4 Nh7 19. Rb1 Qh4 20. Nb5 f5 21. Nxc7 f4 22. Nxe8 Rxe8 23. g3 fxg3 24. fxg3 Bxg3+ 25. Kd2 Ng5 26. Rbc1 Rb8 27. Kc2 Bd6 28. Qg2 Nf3 29. Qg6 Qe7 30. Kb1 Nh4 31. Qg1 Nf3 32. Qd1 Kh8 33. Ka2 Qf6 34. Rc3 Bc7 35. Be2 Ba5 36. Rc5 Bb6 37. Rc2 Nxd4 38. Rf1 Nf5 39. Bf4 Rd8 40. Kb1 Qh4 41. Rc4 Ne7 42. Bc7 Bxc7 43. Rxc7 Bxh3 44. Rf7 Nxd5 45. Qd4 Qe1+ 46. Rc1 Qg3 47. Rh1 Kg8 48. Rxh3 Qe1+ 49. Ka2 Nc3+ 50. Qxc3 Qxc3 51. bxc3 Kxf7 52. Re3 Re8 53. Bb5 Re7 54. c4 Kf6 55. Kb2 Ke5 56. Kc3 Rc7 57. Bxa4 Ra7 58. Bc2 Rxa3+ 59. Kd2 Ra6 60. Rxe4+ Kf6 61. Rd4 h5 62. Ke3 Re6+ 63. Be4 1-0

[Event "IECG WC.2004.P.00005 email"]
[Site "IECG email"]
[Date "2001.01.22"]
[Round "?"]
[White "Pinasco, Damian"]
[Black "Perez, Giorgio"]
[Result "1/2-1/2"]
[WhiteElo "2030"]
[BlackElo "1940"]
[PlyCount "77"]
[EventDate "2001.01.22"]
[EventType "tourn (corr)"]
[EventRounds "8"]
[SourceTitle "Corr 2008"]
[Source "ChessBase"]
[SourceDate "2008.06.24"]
[SourceVersion "1"]
[SourceVersionDate "2008.06.24"]
[SourceQuality "1"]

1. e4 e5 2. Nf3 Nc6 3. Bb5 a6 4. Ba4 Nf6 5. 0-0 Be7 6. Re1 b5 7. Bb3 0-0 8. c3 d6 9. h3 Na5 10. Bc2 c5 11. d4 Qc7 12. Nbd2 cxd4 13. cxd4 Bb7 14. d5 Bc8 15. b3 Bd7 16. Nf1 Rfc8 17. Bd3 Nb7 18. Bd2 Nc5 19. Rc1 Qb7 20. Bb1 b4 21. Ng3 a5 22. Be3 Qb8 23. Bxc5 dxc5 24. Qe2 a4 25. Bd3 Rd8 26. Qb2 Bd6 27. Nd2 Ne8 28. Nc4 f6 29. Ne3 g6 30. Be2 Qa7 31. Red1 axb3 32. axb3 Qa2 33. Qxa2 Rxa2 34. Ra1 Rda8 35. Rxa2 Rxa2 36. Nc4 Kf7 37. Nb6 Ke7 38. Nxd7 Kxd7 39. Bb5+ 1/2-1/2